000 00686nam a2200265Ia 4500
005 20260121170424.0
008 008 260114s9999 xx 000 0 eng d
020 _a9783319706009
037 _aEBOOK
040 _aCRL
040 _beng
040 _cCRL
041 _2eng
041 _aeng
084 _qCRL
100 _aTorsten Geelan, Marcos González Hernando, Peter William Walsh
_91063687
245 0 _aFrom Financial Crisis to Social Change
260 _bSpringer
260 _bSpringer
260 _c2018
856 _uhttps://link.springer.com/openurl?genre=book&isbn=978-3-319-70600-9
942 _cEBOOK
999 _c1629416
_d1629416